000 00437nam a2200145Ia 4500
008 151015s9999 xx 000 0 und d
020 _a72329017
050 _aGV 841.L85 2002
245 _aLumpkin Angela
250 _a_Introduction to physical education,exercise science,and sport studies.(5th ed.)
300 _aNew York McGraw-Hill 2002
500 _aIncludes index
650 _a_Sports
700 _a^d20140218 11:05:06^okorir
999 _c5007
_d5007